|
|
|
|
| LEADER |
00963nam a2200205 a 4500 |
| 001 |
GR-MES194 |
| 008 |
991111s1988 gr 000 b eng d |
| 040 |
|
|
|a GrPaTEI
|b gre
|c GR-PaULI
|
| 245 |
0 |
0 |
|a Fauna Graeciae =
|b Check-list of marine fishes of Greece : Κατάλογος των θαλάσσιων ιχθύων της Ελλάδας
|n iv .
|p Pisces.
|
| 260 |
|
|
|a Aθήνα :
|b [χ.ό.],
|c 1988
|
| 300 |
|
|
|a 257σελ.
|
| 504 |
|
|
|a Βιβλιογραφία: σελ.193-215
|
| 650 |
|
0 |
|a Ixθυολογία-Ελλάδα
|
| 650 |
|
4 |
|a Θαλάσσια ψάρια-Ελλάδα
|
| 700 |
1 |
|
|a Papakonstantinou, Costas
|
| 710 |
2 |
|
|a Εθνικό Κέντρο θαλάσσιων Ερευνών
|
| 942 |
|
|
|2 ddc
|
| 952 |
|
|
|0 0
|1 0
|2 ddc
|4 0
|6 597_092000000000000_FAU
|7 0
|9 263459
|a MSLG
|b MSLG
|c BSC
|d 2021-01-17
|e 24
|f 0
|g 0.00
|l 0
|o 597.092 FAU
|p 2420000003853
|r 2021-01-17 00:00:00
|t 1
|w 2021-01-17
|y BK15
|x 19991111 0 1
|x GrPaTEI
|
| 971 |
|
|
|a .b25712354
|b 15-04-20
|c 13-09-16
|
| 999 |
|
|
|c 151653
|d 151653
|